| 000 | 01464cam a22004097a 4500 | ||
|---|---|---|---|
| 001 | 000092726 | ||
| 003 | CHAP | ||
| 005 | 20220329142901.0 | ||
| 008 | 041209d2004 mx r 00110 spa d | ||
| 010 | _a89192 | ||
| 011 | _a90164 | ||
| 035 | _a100720 | ||
| 040 | _cCHAP | ||
| 090 | _aTesis | ||
| 100 | 0 | 0 |
_aMartínez Guillermo, Samuel. _972122 |
| 245 | 1 | 0 |
_aCaracterización morfológica de chile guajillo (Capsicum annuum L.) / _c/por Samuel Martínez Guillermo. |
| 260 |
_aChapingo, Méx. : _bEl autor, _c2004. |
||
| 300 |
_a63 h. : _bcuadros. |
||
| 502 | _aTesis (Ing. Agr. Esp. en Fitotecnia) - - UACH. Departamento de Fitotecnia | ||
| 590 |
_aALEPH _b10 _c20130110 _lUCH01 _h1502 |
||
| 590 |
_aBATCH-UPD _b10 _c20130110 _lUCH01 _h0703 |
||
| 590 |
_aBATCH-UPD _b10 _c20130410 _lUCH01 _h0348 |
||
| 590 |
_aBATCH-UPD _b10 _c20130914 _lUCH01 _h0924 |
||
| 590 |
_aBATCH-UPD _b10 _c20140324 _lUCH01 _h1447 |
||
| 590 |
_aBATCH-UPD _b10 _c20141002 _lUCH01 _h0824 |
||
| 590 |
_aCONVERSION _b10 _c20130109 _lUCH01 _h1349 |
||
| 590 |
_aE12093SGE _b10 _c20130621 _lUCH01 _h0858 |
||
| 650 | 1 | 4 |
_aChile guajillo _xFisiología y morfología. _922410 |
| 650 | 1 | 4 |
_aChile guajillo _xGenética. _922411 |
| 856 |
_3Finding aid _uhttp://10.13.5.2/tesis/100720.pdf _zTeclea aquí |
||
| 901 | _aBK | ||
| 905 | _aLilia | ||
| 942 | _cCD | ||
| 942 | _n0 | ||
| 949 |
_aTesis _bBC _cTES _d100720 _eTS1 _h43035 _i100720 _sb |
||
| 949 |
_aTesis _bBC _cTES _d33724000931267 _eTS2 _fc.2 _h43036 _i100720 _si |
||
| 999 |
_c89192 _d89192 |
||